Economía y salud (Record no. 144130)

MARC details
000 -LEADER
campo de control de longitud fija 00999nam a2200205 4500
001 - NÚMERO DE CONTROL
campo de control 144130
003 - IDENTIFICADOR DE NÚMERO DE CONTROL
campo de control ES-MaACL
005 - FECHA Y HORA DE LA ÚLTIMA TRANSACCIÓN
campo de control 20230906200942.0
007 - CAMPO FIJO DE DESCRIPCIÓN FÍSICA--INFORMACIÓN GENERAL
campo de control de longitud fija t|
008 - DATOS DE LONGITUD FIJA--INFORMACIÓN GENERAL
campo de control de longitud fija 070214s1982 sp r ||||1| spa d
111 2# - ENTRADA PRINCIPAL--NOMBRE DE CONGRESO/REUNIÓN
Nombre de congreso/reunión o jurisdicción como elemento de entrada Simposio Nacional de Economía y Salud (
Sede del congreso/Lugar de la reunión Madrid (
Fecha del congreso o de la firma del tratado 1982) (
Número del congreso/reunión o número de parte o sección . 1º)
9 (RLIN) 135221
245 10 - MENCIÓN DEL TÍTULO
Título Economía y salud
Resto del título : [este volumen recoge los textos del Simposio Nacional del mismo título celebrado en Madrid del 17 al 19 de mayo de 1982] /
Mención de responsabilidad, etc. realizado por el Instituto de Ciencias del Hombre por encargo de la Caja de Ahorros y Monte de Piedad de Madrid ; Victor Conde ... [et al.].
260 ## - PUBLICACIÓN, DISTRIBUCIÓN, ETC.
Lugar de publicación, distribución, etc. Madrid :
Nombre del editor, distribuidor, etc. Karpos,
Fecha de publicación, distribución, etc. 1982.
300 ## - DESCRIPCIÓN FÍSICA
Extensión 412 p. ;
Dimensiones 22 cm.
500 ## - NOTA GENERAL
Nota general Precede al tít.: Caja de Ahorros y Monte de Piedad de Madrid. Instituto de Ciencias del Hombre.
700 1# - ENTRADA AGREGADA--NOMBRE PERSONAL
Nombre de persona Conde, Victor.
9 (RLIN) 40109
710 00 - ENTRADA AGREGADA--NOMBRE DE ENTIDAD CORPORATIVA
Nombre de entidad corporativa o nombre de jurisdicción como elemento de entrada Caja Madrid.
9 (RLIN) 2336
710 2# - ENTRADA AGREGADA--NOMBRE DE ENTIDAD CORPORATIVA
Nombre de entidad corporativa o nombre de jurisdicción como elemento de entrada Instituto de Ciencias del Hombre.
Unidad subordinada Seminario de Investigación Sociológica.
9 (RLIN) 4838
852 ## - LOCALIZACIÓN
Ubicación ES-MaACL
Número de control de estantería L-10637
Sublocalización o colección R.112462
Holdings
Estatus retirado Estado de pérdida Estado de daño No para préstamo Biblioteca de origen Biblioteca actual Ubicación en estantería Fecha de adquisición Fuente de adquisición Total de préstamos Signatura topográfica completa Código de barras Visto por última vez Precio de reemplazo Tipo de ítem Koha
        Biblioteca del Ateneo de Madrid Biblioteca del Ateneo de Madrid Depósito 2 17/01/2008     L-10637 1149954 23/02/2023 23/02/2023 Libro impreso